000 00754nam a22002297a 4500
005 20170124105920.0
010 _aA-936186
020 _c00.00
_a8175330716
035 _aA-936186
037 _bCen Lib/Ret
040 _aDPL
_bEN
082 _a307.772
_bMAN
100 _aMandal, Debabrata
_974174
245 _aSocial structure and cultural change in the Saharia tribe /
_cby Debabrata Mandal
260 _aNew Delhi
_bM D publications
_c1998
270 _aB/23-E,GreatetrKailash I
_bNew Delhi
_e110048
300 _a165p. :
_c20cm(Hb)
_bill.
500 _aIncludes bibliography reference appendix and index
650 _aSaharia tribe-India
_974175
650 _aEconomic organisation
_974176
942 _2ddc
_cEN
_h307.772
_mMAN
999 _c123075
_d123075